000 00752nam a2200181Ia 4500
008 090124s9999 xx 000 0 und d
082 _b28614
_a3817
100 _aबांदिवडेकर चंद्रकांत
245 _a मराठी कादंबरी चिंतन आणि समीक्षा
250 _a1
260 _c1996
300 _a227
600 _aबांदिवडेकर चंद्रकांत
630 _a मराठी कादंबरी चिंतन आणि समीक्षा
700 _aबांदिवडेकर चंद्रकांत
730 _a मराठी कादंबरी चिंतन आणि समीक्षा
942 _cBOOK
999 _c142070
_d142070